Words That End in "Tent" - Statistics

General Stats
  • This quiz has been taken 21 times
    20 since last reset
  • The average score is 8 of 54
Answer Stats
# Words % Correct
C Content
84%
I Intent
84%
L Latent
68%
P Potent
68%
E Extent
53%
P Patent
47%
A Attent
42%
D Detent
37%
P Portent
32%
O Omnipotent
26%
R Retent
26%
D Distent
21%
I Impotent
21%
I Insistent
16%
I Intermittent
16%
M Malcontent
16%
P Penitent
16%
U Untent
16%
C Competent
11%
C Consistent
11%
D Discontent
11%
E Existent
11%
I Inadvertent
11%
I Incompetent
11%
P Persistent
11%
A Advertent
5%
C Coexistent
5%
I Inconsistent
5%
I Inexistent
5%
N Nonexistent
5%
O Ostent
5%
P Pluripotent
5%
P Preexistent
5%
R Remittent
5%
S Subsistent
5%
A Appetent
0%
C Consent
0%
I Idempotent
0%
I Impenitent
0%
I Inpatient
0%
I Intromittent
0%
N Nilpotent
0%
N Nonpatent
0%
N Nonpersistent
0%
O Omnicompetent
0%
O Overinsistent
0%
O Overpotent
0%
P Plenipotent
0%
P Prepotent
0%
R Renitent
0%
S Sublatent
0%
S Subpotent
0%
T Totipotent
0%
U Uncontent
0%
No matching quizzes found
Score Distribution
Percent of People with Each Score
Percentile by Number Answered
Your Score History
You have not taken this quiz since the last reset